000 00312nam a2200133Ia 4500
100 _aBapat/ Y.N.
942 _cBK
654 _aproblems
245 _aTheory and problems in Microelectronics
260 _bTata Mc Graw hill
_aNew Delhi
_c1995
082 _a621.3815
_bBAP
300 _a378
546 _aENGLISH
999 _c30862
_d30862